Top 10 European Countries with Highest Population - Statistics

General Stats
  • This quiz has been taken 1,957 times
  • The average score is 10 of 10
Answer Stats
Population Country % Correct
3 66,417,000 France
100%
2 81,276,000 Germany
100%
5 60,963,000 Italy
99%
1 110,000,000 Russia
99%
4 65,081,276 United Kingdom
99%
6 46,335,000 Spain
98%
8 38,949,000 Poland
97%
7 42,850,000 Ukraine
94%
9 19,822,000 Romania
87%
10 16,933,000 Netherlands
83%
No matching quizzes found
Score Distribution
Percent of People with Each Score
Percentile by Number Answered
Your Score History
You have not taken this quiz